| 000 | 00630nam a22001937a 4500 | ||
|---|---|---|---|
| 005 | 20231110152624.0 | ||
| 010 | _aENG-138255 | ||
| 020 |
_c500.00 _a978935391383 |
||
| 035 | _aEN-121787 | ||
| 037 | _bDBAD/PUB | ||
| 082 |
_a230 _b1 |
||
| 245 |
_aGorakh sabadi: _bThe Sayings of Gorakh nath/ _cEdited and translated by Yogi Surajnath, Guru Budhnath ji and Bhagavan Nath |
||
| 250 | _a3 | ||
| 260 |
_aIndia _bYogi Surajnath _c2022 |
||
| 270 |
_aguru Budhnath ji,pimpri gawali, _bAhmednager _e413703 |
||
| 300 |
_a322p. _c21cm.(Paper Cover) |
||
| 700 |
_aYogi Surajnath _957780 |
||
| 942 |
_2ddc _cEN _mGOR _h230 _e3 |
||
| 999 |
_c198748 _d198748 |
||